Škola Francisciho 1 si zaspomínala na svoje začiatky

Bibliographic Details
Format: Article
Language:Slovak
PhysicalDescription:Fotogr.
Subjects:
Online Access:www.noviny.poprad.sk

MARC

LEADER 00000nab a2200000 ar4500
001 vtls008981871
003 SK-MaSNL
005 20260303065154.0
008 070418c2007 xo wr|p|||||||000 b|slo
038 |a PPPK 
040 |a PPPKCL  |b slo  |c PPPK  |e AACR2 
041 0 |a slo 
044 |a xo  |c SK 
080 |a 373.3  |2 1997 
080 |a 394.4  |2 1997 
245 0 0 |a Škola Francisciho 1 si zaspomínala na svoje začiatky  |c [autor] (lum) ; foto Kristína Lumtzerová 
300 |b Fotogr. 
610 2 7 |a Základná škola na Ulici Francisciho (Poprad, Slovensko)  |2 pppkcl  |9 1043634 
648 7 |a 2007  |2 pppkcl  |9 313226 
650 0 7 |a základné školy  |2 pppkcl  |9 1280 
650 0 7 |a jubileá  |2 pppkcl  |9 29624 
651 7 |a Poprad (Slovensko)  |2 pppkcl  |9 20155 
773 0 |t Poprad : noviny občanov mesta  |g Roč. XVIII, č. 24 (2007), s. 2 
852 |a PPPK  |b KIS3GCP 
856 |u www.noviny.poprad.sk 
999 |c 1750130  |d 1752060